000 00511nam a22001817a 4500
003 LK-CoDNM
005 20240202115611.0
008 240202b |||||||| |||| 00| 0 eng d
020 _a9789553063342
040 _aLK-CoDNM
_dLK-CoDNM
_eLK-CoDNM
041 _asin
080 _a34
_bGUN
100 _aගුණසේකර,තේජා පූර්ණිමා
245 _aදිලික්ත නීතිය
260 _aColombo
_bS.Godage Saha Sahodarayo
_c2023
300 _a144p.,21cm
942 _cBK
999 _c144816
_d144816